Statistics for Golden State Warriors 2023/2024

Click here to take the quiz!

General Stats

  • This quiz has been taken 79 times
  • The average score is 11 of 16

Answer Stats

HintAnswer% Correct
PfDraymond Green
100%
SgKlay Thompson
100%
PgStephen Curry
100%
SfAndrew Wiggins
94%
CKevon Looney
94%
PfJonathan Kuminga
85%
PgChris Paul
79%
PfDario Saric
70%
GBrandin Podziemski
64%
SgMoses Moody
64%
SgGary Payton II
60%
FTrayce Jackson-Davis
55%
PgCory Joseph
43%
GLester Quinones
40%
SgJerome Robinson
32%
PfUsman Garuba
32%

Score Distribution

Percentile by Number Answered

Percent of People with Each Score

Your Score History

You have not taken this quiz